[Event "AUTO-ADV-1445"]
[Site "http://www.queenalice.com/game.php?id=639178"]
[Date "2009.8.19"]
[Round "1"]
[White "Sheik3333"]
[Black "Nakgada"]
[Result "1-0"]
[WhiteElo "1866"]
[BlackElo "1876"]

1. e4 e6 2. d4 c5 3. c3 cxd4 4. cxd4 Bb4+ 5. Nc3 Qb6 6. Ne2 Nf6 7. a3 Bxc3+ 8.
Nxc3 Nc6 9. d5 exd5 10. exd5 Ne5 11. h3 O-O 12. b4 d6 13. Bg5 Ned7 14. Be2 Re8
15. O-O 1-0

[Event "AUTO-OPEN-1677"]
[Site "http://www.queenalice.com/game.php?id=646300"]
[Date "2009.9.2"]
[Round "1"]
[White "Mecking_Brasil"]
[Black "Nakgada"]
[Result "0-1"]
[WhiteElo "1798"]
[BlackElo "1797"]

1. d4 e6 2. c4 c5 3. d5 d6 4. Nc3 Nf6 5. e4 e5 6. f4 Be7 7. fxe5 dxe5 8. Nf3 Bg4
9. Be2 Bxf3 10. Bxf3 O-O 11. O-O Nbd7 12. d6 Bxd6 13. Qxd6 Re8 14. Bg5 Re6 15.
Qd3 h6 16. Bh4 a6 17. Bg4 Rc6 18. Rad1 g5 19. Bxd7 Nxd7 20. Be1 Rc7 0-1

[Event "AUTO-OPEN-1677"]
[Site "http://www.queenalice.com/game.php?id=646301"]
[Date "2009.9.2"]
[Round "1"]
[White "Nakgada"]
[Black "Mecking_Brasil"]
[Result "0-1"]
[WhiteElo "1933"]
[BlackElo "1892"]

1. d4 d5 2. e3 Nf6 3. Nf3 e6 4. c4 c6 5. Nc3 Nbd7 6. c5 b6 7. b4 a5 8. Qb3 axb4
9. Qxb4 bxc5 10. dxc5 Nxc5 11. Qd4 Nb3 12. axb3 Rxa1 13. Qd2 Ba3 14. Ne2 Ne4 15.
Qc2 Bb4+ 16. Kd1 Nxf2# 0-1

[Event "AUTO-OPEN-1677"]
[Site "http://www.queenalice.com/game.php?id=646322"]
[Date "2009.9.2"]
[Round "1"]
[White "thewhitebishop"]
[Black "Nakgada"]
[Result "1-0"]
[WhiteElo "2103"]
[BlackElo "1943"]

1. d4 e6 2. c4 Nf6 3. Nc3 c5 4. Nf3 cxd4 5. Nxd4 Nc6 6. g3 Bb4 7. Bg2 Bxc3+ 8.
bxc3 Qa5 9. Bd2 a6 10. O-O Ne5 11. Qb3 O-O 12. Rfc1 Rb8 13. f4 Nc6 14. Rc2 Ng4
15. h3 Nf6 16. e4 d6 17. Nxc6 Qc5+ 18. Kh1 Qxc6 19. e5 Ne4 20. Kh2 Nxd2 21. Rxd2
d5 22. cxd5 exd5 23. Bxd5 Qg6 24. Re1 Qf5 25. Bg2 Be6 26. Qa4 h5 27. Qe4 Qxe4
28. Bxe4 b5 29. a3 a5 30. Rd4 a4 31. f5 Bb3 32. Re3 Rfe8 33. Bd5 Bc2 34. g4 hxg4
35. hxg4 Rb6 36. e6 fxe6 37. Bxe6+ Kf8 38. Rh3 Ke7 39. Rd7+ Kf6 40. Rf7+ Ke5 41.
Rxg7 Bb3 42. Bxb3 axb3 43. Re3+ Kf6 44. Rxe8 Kxg7 45. Kg3 b2 46. Re1 Rd6 47. Kf4
Rd2 48. Rb1 Kf6 49. g5+ Kf7 50. Ke3 Rg2 51. Kd4 Rxg5 52. Kc5 Rxf5+ 53. Kb4 Ke6
54. Rxb2 Kd6 55. Rd2+ Kc6 56. Rd4 Rc5 57. Rh4 1-0

[Event "AUTO-OPEN-1677"]
[Site "http://www.queenalice.com/game.php?id=646323"]
[Date "2009.9.2"]
[Round "1"]
[White "Nakgada"]
[Black "thewhitebishop"]
[Result "0-1"]
[WhiteElo "1973"]
[BlackElo "1991"]

1. d4 Nf6 2. c4 g6 3. Bg5 Bg7 4. Bxf6 Bxf6 5. e4 d6 6. Nf3 Bg4 7. Be2 c5 8. dxc5
Bxb2 9. Nbd2 Bxa1 10. Qxa1 O-O 11. cxd6 Qxd6 12. Qb2 b6 13. O-O Nd7 14. h3 Be6
15. Ng5 Nc5 16. Rd1 Qf4 17. Nxe6 fxe6 18. Bf3 Qh4 19. Bg4 Qxf2+ 20. Kh1 Rad8 21.
Qc1 Rf6 22. Nf3 Rxd1+ 23. Qxd1 Kf7 24. Qd8 Nxe4 25. Ne5+ Kg7 26. Qxe7+ Kh6 27.
Bf3 Qe1+ 28. Kh2 Qg3+ 29. Kh1 Nf2+ 30. Kg1 Nxh3+ 31. Kh1 Qxe5 32. Qd8 Ng5 33.
Qd2 Qf4 34. Qf2 Nxf3 35. gxf3 Qxf3+ 36. Qxf3 Rxf3 37. Kg2 Rc3 38. Kf2 Kg5 39.
Ke2 Kf4 40. Kd2 Rxc4 41. Kd3 Ra4 42. Kc3 b5 43. Kb3 h5 0-1

[Event "AUTO-OPEN-1677"]
[Site "http://www.queenalice.com/game.php?id=646336"]
[Date "2009.9.2"]
[Round "1"]
[White "Nakgada"]
[Black "Lara"]
[Result "0-1"]
[WhiteElo "1825"]
[BlackElo "1100"]

1. d4 d5 2. Nf3 Nc6 3. e3 Nb4 4. c4 dxc4 5. Bxc4 Bf5 6. Qa4+ Bd7 7. Qxb4 e6 8.
Qxb7 Rb8 9. Qxa7 Bc6 10. Nbd2 Ra8 11. Qxa8 Bxa8 12. Ne5 Bd5 13. Bxd5 exd5 0-1

[Event "AUTO-ADV-1461"]
[Site "http://www.queenalice.com/game.php?id=646591"]
[Date "2009.9.3"]
[Round "1"]
[White "coutovet"]
[Black "Nakgada"]
[Result "0-1"]
[WhiteElo "1749"]
[BlackElo "1805"]

1. e4 e6 2. d4 c5 3. Be3 cxd4 4. Bxd4 Nc6 5. Be3 Nf6 6. Bd3 Bb4+ 7. Bd2 Qa5 8.
c3 Bc5 9. b4 Bxf2+ 10. Kxf2 Qc7 11. Nf3 Qb6+ 12. Be3 Ng4+ 13. Kg3 Nxe3 14. Qe2
h5 15. h3 h4+ 16. Nxh4 Qc7+ 17. Kf3 Rxh4 18. Qxe3 Ne5+ 19. Ke2 b6 20. g3 Rh5 21.
g4 Nxg4 22. Qf3 Nf6 23. Rg1 Kf8 24. Nd2 Bb7 25. c4 Qh2+ 26. Ke3 Rxh3 27. Qxh3
Qxh3+ 28. Nf3 d5 29. Rh1 Ng4+ 30. Kf4 g5+ 31. Nxg5 Qxd3 32. cxd5 Nf2 33. Rae1
Nxh1 34. Rxh1 Qd2+ 35. Ke5 Qxg5+ 36. Kd4 Qf6+ 37. Kc4 Ba6+ 38. b5 Rc8+ 0-1

[Event "AUTO-ADV-1461"]
[Site "http://www.queenalice.com/game.php?id=646592"]
[Date "2009.9.3"]
[Round "1"]
[White "Nakgada"]
[Black "coutovet"]
[Result "1-0"]
[WhiteElo "1788"]
[BlackElo "1764"]

1. d4 d5 2. Nf3 Nc6 3. e3 a6 4. c4 e6 5. cxd5 exd5 6. Nc3 Nf6 7. Bd3 Bb4 8. O-O
h6 9. Bd2 O-O 10. a3 Bd6 11. e4 dxe4 12. Nxe4 Bg4 13. h3 Bxf3 14. Qxf3 Nxd4 15.
Nxf6+ Qxf6 16. Qg4 b5 17. Bc3 c5 18. Rfe1 Qf4 19. Qxf4 Bxf4 20. Re4 Ne6 21. Rae1
c4 22. Bc2 Bc7 23. Rd1 Ng5 24. Re7 Rac8 25. Bf5 Rfe8 26. Rde1 Rxe7 27. Rxe7 Rd8
28. Rxc7 g6 29. Bc8 Ne6 30. Rc6 Kf8 31. Bxa6 Rb8 32. Be5 1-0

[Event "AUTO-ADV-1461"]
[Site "http://www.queenalice.com/game.php?id=646605"]
[Date "2009.9.3"]
[Round "1"]
[White "Nakgada"]
[Black "trolldetroy"]
[Result "0-1"]
[WhiteElo "1893"]
[BlackElo "1970"]

1. d4 d5 2. Nf3 Nc6 3. e3 Bg4 4. Be2 Nf6 5. h3 Bh5 6. c4 e6 7. cxd5 Nxd5 8. Nc3
Bb4 9. Bd2 O-O 10. Nxd5 Qxd5 11. Bxb4 Nxb4 12. O-O Bg6 13. Bd3 Bxd3 0-1

[Event "AUTO-ADV-1461"]
[Site "http://www.queenalice.com/game.php?id=646606"]
[Date "2009.9.3"]
[Round "1"]
[White "trolldetroy"]
[Black "Nakgada"]
[Result "1-0"]
[WhiteElo "1973"]
[BlackElo "1906"]

1. e4 e6 2. f4 Qh4+ 3. g3 Qf6 4. d4 Bb4+ 5. c3 Ba5 6. Be3 Nc6 7. Na3 a6 8. Nf3
d6 9. e5 dxe5 10. dxe5 Qf5 11. Bg2 Nge7 12. Nh4 Qg6 13. Nxg6 1-0

[Event "AUTO-MASTER-896"]
[Site "http://www.queenalice.com/game.php?id=646913"]
[Date "2009.9.3"]
[Round "1"]
[White "Nakgada"]
[Black "killtochess"]
[Result "0-1"]
[WhiteElo "1878"]
[BlackElo "2239"]

1. d4 d5 2. Nf3 Bg4 3. e3 Nf6 4. Be2 e6 5. c4 c6 6. Nc3 Bd6 7. c5 Bc7 8. Ng5 Bf5
9. Bd3 Bxd3 10. Qxd3 e5 11. dxe5 Bxe5 12. O-O Bxh2+ 13. Kxh2 Ng4+ 14. Kg1 Qxg5
15. e4 Qh4 16. Qg3 Qxg3 17. fxg3 dxe4 18. Nxe4 O-O 19. Nd6 Nd7 20. Nxb7 Rab8 21.
Na5 Rfc8 22. Nb3 Rb5 23. Bf4 Nxc5 24. Nxc5 Rxc5 25. b4 Rc2 26. a4 Nf6 27. Rfe1
Nd5 0-1

[Event "AUTO-MASTER-896"]
[Site "http://www.queenalice.com/game.php?id=646914"]
[Date "2009.9.3"]
[Round "1"]
[White "killtochess"]
[Black "Nakgada"]
[Result "1-0"]
[WhiteElo "2238"]
[BlackElo "1880"]

1. e4 e6 2. Qe2 c5 3. g3 Nf6 4. Bg2 Nc6 5. Nf3 Be7 6. e5 Ng4 7. h3 Nh6 8. c3 d6
9. d4 cxd4 10. Bxh6 gxh6 11. cxd4 Qb6 12. exd6 Bxd6 13. d5 Nd4 14. Nxd4 Qxd4 15.
Nc3 O-O 16. Rd1 Qe5 17. Qxe5 Bxe5 18. O-O exd5 19. Rxd5 Bg7 20. Rfd1 Be6 21.
R5d2 Bxc3 22. bxc3 Rab8 23. Bd5 Bxd5 24. Rxd5 Rbc8 25. R1d3 Rfe8 26. Kg2 b6 27.
R5d4 b5 28. a4 1-0

[Event "AUTO-MASTER-896"]
[Site "http://www.queenalice.com/game.php?id=646917"]
[Date "2009.9.3"]
[Round "1"]
[White "Nakgada"]
[Black "Parma"]
[Result "0-1"]
[WhiteElo "1814"]
[BlackElo "1952"]

1. d4 d5 2. e3 e6 3. c4 c5 4. Nf3 cxd4 5. Nxd4 dxc4 6. Bxc4 Bc5 7. Qa4+ Bd7 8.
Bb5 Bxd4 9. Qxd4 Nf6 10. Qb4 a5 11. Bxd7+ Qxd7 12. Qc3 O-O 13. O-O b5 14. Nd2
Nc6 15. a3 Rac8 16. Nf3 Nb4 17. Qb3 Nc2 18. Rb1 a4 19. Qa2 b4 20. b3 axb3 0-1

[Event "AUTO-MASTER-896"]
[Site "http://www.queenalice.com/game.php?id=646918"]
[Date "2009.9.3"]
[Round "1"]
[White "Parma"]
[Black "Nakgada"]
[Result "1-0"]
[WhiteElo "1941"]
[BlackElo "1825"]

1. d4 e6 2. c4 c5 3. Nf3 cxd4 4. Nxd4 Nc6 5. Nxc6 bxc6 6. e3 Bb4+ 7. Bd2 Qa5 8.
Qg4 Bxd2+ 9. Nxd2 Qe5 10. Qd4 Qxd4 11. exd4 Nf6 12. c5 O-O 13. Bd3 Nd5 14. a3
Nf4 15. Bc2 Nxg2+ 16. Kd1 Ba6 17. Nf3 Nf4 18. Kd2 Rab8 19. b4 Bc4 20. Ne5 Bd5
21. Rhg1 1-0

[Event "AUTO-ADV-1444"]
[Site "http://www.queenalice.com/game.php?id=688435"]
[Date "2009.11.25"]
[Round "2"]
[White "ajbsantos"]
[Black "Nakgada"]
[Result "0-1"]
[WhiteElo "1959"]
[BlackElo "1819"]

1. e4 d5 2. exd5 Qxd5 3. Nc3 Qd8 4. d4 e6 5. Nf3 Nf6 6. Bg5 Be7 7. Bd3 h6 8. Bh4
b6 9. O-O Bb7 10. Be2 Nbd7 11. Qd2 c5 12. Rad1 Ne4 13. Nxe4 Bxe4 14. Bxe7 Qxe7
15. c3 Rd8 16. Qe3 Bd5 17. Bb5 O-O 18. Rfe1 Nf6 19. Ne5 Qb7 20. f3 cxd4 21. Rxd4
Bxa2 22. c4 a6 23. Bc6 Qc7 24. Rxd8 Rxd8 25. b3 Qd6 26. Re2 Qd1+ 27. Kf2 Bxb3
28. Qxb6 Qd4+ 29. Qxd4 Rxd4 30. Rb2 Bxc4 31. Rc2 Bb5 32. Ke3 Rd8 33. Bxb5 axb5
34. Rc7 Nd5+ 0-1

[Event "AUTO-ADV-1444"]
[Site "http://www.queenalice.com/game.php?id=688436"]
[Date "2009.11.25"]
[Round "2"]
[White "Nakgada"]
[Black "ajbsantos"]
[Result "1/2-1/2"]
[WhiteElo "1841"]
[BlackElo "1952"]

1. d4 Nf6 2. c4 g6 3. Nc3 Bg7 4. e4 d6 5. Nf3 O-O 6. Be2 e5 7. d5 c6 8. O-O Qc7
9. Be3 Nbd7 10. b4 Ng4 11. Bd2 a6 12. Ng5 Ngf6 13. f4 h6 14. fxe5 dxe5 15. c5
hxg5 16. Bxg5 Nxe4 17. Nxe4 b6 18. d6 Qa7 19. Qc1 bxc5 20. bxc5 Nb8 21. Bh6 Be6
22. Bxg7 Kxg7 23. Qg5 Nd7 24. Rac1 Rab8 25. Bg4 Bxg4 26. Qxg4 Rb4 27. Qf3 Rd4
28. Kh1 a5 29. Nf6 Rf4 30. Nh5+ gxh5 31. Qxh5 Rh8 32. Qg5+ Kf8 33. Rxf4 exf4 34.
Qe7+ Kg8 35. Qg5+ 1/2-1/2

[Event "AUTO-ADV-1444"]
[Site "http://www.queenalice.com/game.php?id=688439"]
[Date "2009.11.25"]
[Round "2"]
[White "Nakgada"]
[Black "Lopesq"]
[Result "0-1"]
[WhiteElo "1813"]
[BlackElo "1889"]

1. d4 d5 2. Nf3 e6 3. e3 Nf6 4. c4 c6 5. Nc3 Nbd7 6. Bd3 Be7 7. O-O Nb6 8. c5
Nbd7 9. e4 dxe4 10. Nxe4 Nxe4 11. Bxe4 Nf6 12. Bd3 O-O 0-1

[Event "AUTO-ADV-1444"]
[Site "http://www.queenalice.com/game.php?id=688440"]
[Date "2009.11.25"]
[Round "2"]
[White "Lopesq"]
[Black "Nakgada"]
[Result "1-0"]
[WhiteElo "1902"]
[BlackElo "1800"]

1. Nf3 d5 2. d4 e6 3. c3 c5 4. Bf4 Nc6 5. e3 Nf6 6. Bb5 Bd7 7. Be2 Ne4 8. Nbd2
cxd4 9. exd4 Nxd2 10. Qxd2 Ne7 11. Ne5 Nf5 12. O-O Be7 13. Nxd7 Qxd7 14. Rfe1
1-0